|
|
|
|
| LEADER |
00000nab a2200000 a 4500 |
| 001 |
vtls000516888 |
| 003 |
SK-MaSNL |
| 005 |
20260303201850.0 |
| 008 |
240102c1994 xo 0 hun |
| 015 |
|
|
|a SNBRB19rr/mm-uuuuu
|
| 035 |
|
|
|a CL0517026
|
| 040 |
|
|
|a SNKBUCL
|b slo
|c SNKBUCL
|e AACR2
|
| 041 |
0 |
|
|a hun
|
| 044 |
|
|
|a xo
|c SK
|
| 080 |
|
|
|a 894.511 (498)-93=945.11
|2 1981
|
| 080 |
|
|
|a 398.2
|2 1981
|
| 245 |
0 |
0 |
|a A furfangos székely menyecske
|b Székely népmese ; Illusztr. Tibor Kopócs
|
| 300 |
|
|
|b Obr. 1
|
| 650 |
0 |
7 |
|a ľudové rozprávky
|2 snkbucl
|9 73195
|
| 655 |
|
7 |
|a články z novín a časopisov
|2 snkbucl
|9 267496
|
| 655 |
|
7 |
|a články z odboru literárna veda a krásna literatúra
|2 snkbucl
|9 770045
|
| 700 |
1 |
|
|a Kopócs, Tibor,
|d 1937-
|4 ill
|9 105991
|
| 773 |
0 |
|
|t Tücsök
|g Roč. 4, č. 5 (1994), s. 16-17
|
| 850 |
|
|
|a Slovenská národná knižnica v Martine
|a DSG001
|
| 852 |
|
|
|a SNK
|b KIS3GCP
|
| 958 |
|
|
|a RK
|
| 958 |
|
|
|a HU
|
| 958 |
|
|
|a LX
|
| 958 |
|
|
|a RO
|
| 992 |
|
|
|a RBX
|
| 999 |
|
|
|c 2176739
|d 2178669
|